| 000 | 00515nam a2200193 4500 | ||
|---|---|---|---|
| 005 | 20260506170402.0 | ||
| 008 | 260506b |||||||| |||| 00| 0 eng d | ||
| 020 |
_a81749608 _qhbk |
||
| 041 | _aeng | ||
| 082 | _a332.205 GAB | ||
| 100 | _aGabhawala.,Mahendra B. | ||
| 245 |
_aTax Practice Manual _c Mahendra B. Gabhawala |
||
| 250 | _a2nd Ed. | ||
| 260 |
_aNew York _bTaxmann Allied Services LTD _c2007 |
||
| 300 |
_a1129p. : _c22cm. |
||
| 504 | _aindex | ||
| 650 | _a Financial economics | ||
| 942 | _cENGLISH | ||
| 999 |
_c622701 _d622701 |
||